Who said this quote? - Statistics

General Stats
  • This quiz has been taken 7 times
  • The average score is 5 of 25
Answer Stats
Quote Person who quoted it % Correct
"I have a dream that one day little black boys and girls will be holding hands with little white boys and girls" Martin Luther King Jr
100%
"That’s one small step for a man, one giant leap for mankind" Neil Armstrong
100%
"I came, I saw, I conquered" Julius Caesar
80%
"To be, or not to be, that is the question" William Shakespeare
80%
"Nonviolence is a weapon of the strong" Mahatma Gandhi
60%
"If I have seen further than others, it is by standing upon the shoulders of giants" Isaac Newton
40%
"I don’t think of all the misery but of the beauty that still remains" Anne Frank
20%
"We are the ones we’ve been waiting for. We are the change that we seek" Barack Obama
20%
"The journey of a thousand miles begins with one step" Lao Tzu
20%
"I don’t care that they stole my idea… I care that they don’t have any of their own" Nikola Tesla
20%
"I have no special talent. I am only passionately curious" Albert Einstein
0%
"All that we are is the result of what we have thought" Buddha
0%
"You’ll never find a rainbow if you’re looking down" Charlie Chaplin
0%
"Better to die standing than to live on your knees" Ernesto “Che” Guevara
0%
"If you think you can do a thing or think you can’t do a thing, you’re right" Henry Ford
0%
"You laugh at me because I’m different I laugh at you because you’re all the same" Lady Gaga
0%
"The future belongs to those who prepare for it today" Malcom X
0%
"I’ve failed over and over and over again in my life and that is why I succeed" Michael Jordan
0%
"Education is the most powerful weapon which you can use to change the world" Nelson Mandela
0%
"Turn your wounds into wisdom" Oprah Winfrey
0%
"Be yourself; everyone else is already taken" Oscar Wilde
0%
"The greatest wealth is to live content with little" Plato
0%
"No" Rosa Parks
0%
"You miss 100 percent of the shots you never take" Wayne Gretzky
0%
"History is written by the victors" Winston Churchill
0%
No matching quizzes found
Score Distribution
Percent of People with Each Score
Percentile by Number Answered
Your Score History
You have not taken this quiz